000 00554nam a2200181Ia 4500
008 090124s9999 xx 000 0 und d
082 _b20405
_a2346
100 _aमुणगेकर श्री. ग.
245 _a निवडक परुळेकर
250 _a1
260 _c1974
300 _a176
600 _aमुणगेकर श्री. ग.
630 _a निवडक परुळेकर
700 _aमुणगेकर श्री. ग.
730 _a निवडक परुळेकर
942 _cBOOK
999 _c134211
_d134211